000 00344nam a2200145Ia 4500
008 150201s1992 xx 000 0 und d
082 _a617.6
_bA1999C
100 _aCRANIN A, NORMAN
245 _aATLAS OF ORAL IMPLANTOLOGY
250 _a2ND
260 _bMOSBY
_aDELHI
_c1992
300 _a1-489
650 _aPROSTHODONTICS
942 _2ddc
_cBK
999 _c3615
_d3615